000 00386nam a2200121Ia 4500
008 220620s9999||||xx |||||||||||||| ||und||
245 0 _aPhytochemicals in Human Health
546 _aEnglish[eng]
650 _aBiochemistry
700 _aRao, Venketeshwer||Mans, Dennis||Rao, Leticia
856 _uhttps://mts.intechopen.com/storage/books/8077/authors_book/authors_book.pdf
942 _cEB
999 _c22181
_d22181